000
00179nam a2200085 4500
001
1237838
005
20251003125130.0
245
_a
İNSAN NE İLE YAŞAR
_c
TOLSTOY
260
_b
ANONİM
999
_c
1237838
_d
1237838